|
|
|
|
| LEADER |
00000cam a2200000 a 4500 |
| 001 |
vtls001330155 |
| 003 |
SK-MaSNL |
| 005 |
20260301235656.0 |
| 008 |
250414s1997 xo ad fr 10000 slo |
| 015 |
|
|
|a SNBA1998/10-03617
|
| 020 |
|
|
|a 8096791370
|
| 035 |
|
|
|a SNK000283016
|
| 035 |
|
|
|a urn:nbn:sk:snk-amjths
|
| 035 |
|
|
|a urn:nbn:sk:snk:ar-a0cv8y
|
| 035 |
|
|
|a 386d283d-6596-4a1e-99bd-264b7467a934
|
| 040 |
|
|
|a SNK
|b slo
|c SNK
|e AACR2
|
| 041 |
0 |
|
|a slo
|
| 044 |
|
|
|a xo
|c SK
|
| 080 |
|
|
|a 78.04(082)\
|2 1981
|
| 245 |
0 |
0 |
|a Ikonografiká v hudobnej historiografii
|b seminár o hudobnej ikonografii - pramene, metodológia, perspektívy : (referátový zborník)
|c [usporiadal a zodpovedný redaktor Emanuel Muntág]
|
| 260 |
|
|
|a Martin
|b Slovenská národná skupina IAML
|c 1998
|
| 300 |
|
|
|a 41 s.
|c 21 cm
|
| 500 |
|
|
|a Údaj o aut. a red. prevzatý z obalu
|
| 500 |
|
|
|a Nepredajné
|
| 504 |
|
|
|a Bibliogr. s. 16. Pozn. Res. angl. a nem.
|
| 650 |
0 |
7 |
|a hudobná ikonografia
|2 SNKPH
|9 91158
|
| 655 |
|
7 |
|a zborníky konferencií
|2 SNKPH
|9 70153
|
| 655 |
|
7 |
|a issue_zb
|2 SNK
|9 276493
|
| 700 |
1 |
|
|a Muntág, Emanuel,
|d 1929-2007
|4 oth
|
| 852 |
|
|
|a Slovenská národná knižnica
|
| 919 |
|
|
|a 80-967913-7-0
|
| 954 |
|
|
|a odborná, vedecká literatúra pôvodná (slovenská)
|2 lita
|
| 954 |
|
|
|a odborná, vedecká literatúra cudzojazyčná (svetová)
|2 lita
|
| 958 |
|
|
|a OND
|
| 958 |
|
|
|a ART
|
| 958 |
|
|
|a TL
|
| 958 |
|
|
|a NB
|
| 958 |
|
|
|a ZB
|
| 999 |
|
|
|c 976124
|d 978054
|
| 952 |
|
|
|t P60, <03>, [BOOK], {603}
|a SNK
|b SNK
|y PREZ
|7 0
|p 17A0138449
|o snkSC 95845
|i snkKSP 5139/98
|0 0
|1 0
|4 0
|d 1998-05-12
|l 0
|r 2025-09-12 00:00:00
|w 2026-02-24
|
| 952 |
|
|
|t P60, <04>, [BOOK], {604}
|a SNK
|b SNK
|y VYP
|7 0
|p 17A0141585
|o snkSC 95845 D1
|i snkKSP 5850/98
|0 0
|1 0
|4 0
|d 1998-06-04
|l 0
|r 2005-01-02 00:00:00
|w 2026-02-24
|
| 952 |
|
|
|t P60, <09>, [BOOK], {629}
|a SNK
|b SNK
|y NEVYP
|7 0
|o snkC 501
|i snk962/980608
|0 0
|1 0
|4 0
|d 1998-06-04
|l 0
|r 2005-01-02 00:00:00
|w 2026-02-24
|